Films avec Lino Ventura - Mort subite - Statistiques

Statistiques générales
  • Ce quiz a été pris 278 fois
  • Le résultat moyen est 6 sur 14
Answers on the Grid
Answers color-coded by a green-red scale on the quiz's grid according to % correct below.
Le Clan des Siciliens
La Scoumoune
Les Tontons flingueurs
L'Œil du Monocle
La Chèvre
Ne nous fâchons pas !
Le Gorille vous salue bien
La Valse du Gorille
Le Vieux Fusil
Les Aventuriers
Le Ruffian
Un taxi pour Tobrouk
La Traversée de Paris
L'Aventure c'est l'aventure
Le Professionnel
L'Insoumis
Touchez pas au grisbi
La Métamorphose des cloportes
Le Grand blond avec une chaussure noire
Les Compères
Tendre poulet
Adieu poulet
Razzia sur la chnouf
Le Marginal
Le Rapace
Le Majordome
Paris brûle-t-il ?
125, rue Montmartre
 
Statistiques - réponses
Réponse % Correct
Les Tontons flingueurs
87%
Le Clan des Siciliens
81%
Un taxi pour Tobrouk
57%
Ne nous fâchons pas !
54%
Touchez pas au grisbi
54%
L'Aventure c'est l'aventure
52%
Le Gorille vous salue bien
45%
Les Aventuriers
44%
Le Ruffian
39%
Adieu poulet
37%
Razzia sur la chnouf
33%
La Métamorphose des cloportes
24%
125, rue Montmartre
18%
Le Rapace
16%
Aucun quiz correspondant
Distribution des résultats
% des personnes avec chaque résultat
Percentile par nombre de réponses
Votre historique - résultats
Vous n’avez pas pris ce quiz